| 000 | 00927cab a2200277 4500 | ||
|---|---|---|---|
| 001 | ABS52968 | ||
| 008 | 090401t1995 xxu||||| |||| 00| 0 eng d | ||
| 035 | _a(Sirsi) u1136 | ||
| 041 | _aeng | ||
| 100 | _aOatley, N. | ||
| 245 | _aCompetitive urban policy and the regeneration game | ||
| 260 | _c1995 | ||
| 350 | _a0 | ||
| 490 |
_aTown Planning Review _v66(1) May 1995, 1-14(8) |
||
| 520 | _aReports on research carried out on the impact of City Challenge on authorities who were unsuccessful in securing funding, highlighting implications of the introduction of competition into the allocation of urban funding. | ||
| 650 | _aCITY CHALLENGE | ||
| 650 | _aCOMPETITIVE BIDDING | ||
| 650 | _aLOCAL AUTHORITIES | ||
| 650 | _aRESOURCE ALLOCATION | ||
| 650 | _aSINGLE REGENERATION BUDGET | ||
| 650 | _aURBAN FUNDING | ||
| 650 | _aURBAN REGENERATION | ||
| 690 | _aURBAN RENEWAL | ||
| 942 | _n0 | ||
| 948 | _c04/03/1997 | ||
| 999 |
_c621 _d621 |
||